Pharmaceutical chemistry (Record no. 360888)

MARC details
000 -LEADER
fixed length control field 00507 a2200193 4500
005 - DATE & TIME
control field 20250325104828.0
008 - FIXED-LENGTH DATA ELEMENTS--GENERAL INFORMATION
fixed length control field 250324b |||||||| |||| 00| 0 eng d
020 ## - ISBN
International Standard Book Number 9789386076069
Price Rs. 2960.00
040 ## - CATALOGING SOURCE
Original cataloging agency VIVEKANANDA LIBRARY
082 ## - DDC NUMBER
Classification number 615.19
Book Number K144P
100 ## - MAIN ENTRY--PERSONAL NAME
Personal name Kar, Ashutosh
245 ## - TITLE STATEMENT
Title Pharmaceutical chemistry
260 ## - PUBLICATION, DISTRIBUTION, ETC. (IMPRINT)
Name of publisher, distributor, etc Sharma and Bros. Publications
Date of publication, distribution, etc 2019
Place of publication, distribution, etc Delhi
300 ## - PHYSICAL DESCRIPTION
Pages 272
650 ## - Subject
Subject Pharmaceutical Science
650 ## - Subject
Subject Pharmaceutical Chemistry
650 ## - Subject
Subject Pharmacy
942 ## - ADDED ENTRY ELEMENTS (KOHA)
Koha item type Books
Holdings
Withdrawn status Lost status Source of classification or shelving scheme Damaged status Not for loan Location (home branch) Sublocation or collection (holding branch) Shelving location Date acquired Koha issues (times borrowed) Koha full call number Accession No. Koha date last seen Koha item type
    Dewey Decimal Classification     VIVEKANANDA LIBRARY VIVEKANANDA LIBRARY Vivekananda Library 22/01/2025 1 615.19 K144P 436537 11/11/2025 Books
© Designed and Maintained by Vivekananda Library, MDU Rohtak